• 首页
  • 本馆介绍
  • 公告通知
  • 最新文献
  • 馆藏检索
  • 电子资源
  • 读者导购
  • 参考咨询
  • 我的图书馆
  • 登录
  • 详细信息显示
  • 放入我的书架
  • 预约/预借图书
  • 作者相关作品
  • 分类相关作品
  • 丛书相关作品
  • 出版社相关作品

书目信息

  • 表格格式
  • 工作单格式
  • 卡片格式
题名:
当代医学伦理学
    
 
作者: 张树锋 , 武菊芳 , 刘云章 主编
分册:  
出版信息: 石家庄   河北人民出版社  2004
页数: 308页
开本: 24cm
丛书名: 当代医学人文社会科学系列教材
单 册:
中图分类: R-052
科图分类:
主题词: 医学伦理学--教材 , 医药学--关系
电子资源:
ISBN: 7-202-03668-1
000 01064nam2 2200289 45
001 0653117390
005 20060929144637.54
010    @a7-202-03668-1@dCNY28.00
100    @a20041213d2004 em y0chiy0121 ea
101 0  @achi
102    @aCN@b130000
105    @ay z 000yy
106    @ar
200 1  @a当代医学伦理学@f张树锋, 刘云章, 武菊芳主编@Adang dai yi xue lun li xue
210    @a石家庄@c河北人民出版社@d2004
215    @a308页@d24cm
225 2  @a当代医学人文社会科学系列教材@f边林,武菊芳,姬天舒执行主编
330    @a本书内容包括:医学伦理学总论、医学道德的文化背景、医学道德的理论支持、卫生管理与医学道德、医患关系与病人权利道德、临床诊疗道德、现代护理道德、康复医学与健康道德、人口与生殖道德、预防医学与生态道德等。
461  0 @1 2001@a当代医学人文社会科学系列教材
606 0  @a医学伦理学@j教材
606 0  @a医药学@x关系
690    @aR-052@v4
701  0 @a张树锋@4主编@Azhang shu feng
701  0 @a武菊芳@4主编@Awu ju fang
701  0 @a刘云章@4主编@Aliu yun zhang
801  0 @aCN@b541 @c20060929
905    @a10447@dR-052@e13
    
    当代医学伦理学/张树锋, 刘云章, 武菊芳主编.-石家庄:河北人民出版社,2004
    308页;24cm .-(当代医学人文社会科学系列教材/边林,武菊芳,姬天舒执行主编 )
    
    
    ISBN 7-202-03668-1:CNY28.00
    本书内容包括:医学伦理学总论、医学道德的文化背景、医学道德的理论支持、卫生管理与医学道德、医患关系与病人权利道德、临床诊疗道德、现代护理道德、康复医学与健康道德、人口与生殖道德、预防医学与生态道德等。
●
相关链接 在E读中查询图书 在五车中查询图书 在当当中查询图书 在豆瓣中查询图书


正题名:当代医学伦理学     索取号:R-052/13         预约/预借

序号 登录号 条形码 馆藏地/架位号 状态 备注
1 0483990   204839906   密集书库/ [索取号:R-052/13] 在馆    
唐山师范学院图书馆 欢迎您!
大连网信软件有限公司© 版权所有